000 00964nam a2200229Ia 4500
999 _c40203
_d40203
001 6810
003 GE_BSU
005 20200116161054.0
008 181216s1992||||ge |||||||||||||| ||geo||
040 _cGE_BSU
041 _ageo
080 _a821.353.1-1 გ-59
100 _aგოგიჩაიშვილი, ვახტანგ
_96169
245 _aერის სინდისი :
_bლექსები და ნოველები /
_cვახტანგ გოგიჩაიშვილი ; რედ. მანანა ასათიანი
264 _aთბილისი :
_bმერანი,
_c1992.
300 _a70 გვ. :
_bფოტო-პორტრეტი ;
_c17 სმ.
653 _aერის სინდისი
653 _aლექსები
653 _aნოველები
700 _aასათიანი, მანანა
_eრედაქტორი
_96170
942 _cBK
_2udc